000 00716nam a22002417a 4500
003 DO-SdBNP
005 20171129133937.0
008 161031b 2007 sp 00| 0 spa d
040 _aBPMSU
_bspa
_cBPMSU
041 _aspa.
_beng.
082 _axxxx
_bxxxx
100 1 _aLondon, Jack
245 1 4 _aThe house of Mapuhi = La casa de Mapuhi /
_cJack London
260 _aBarcelona :
_bPasa,
_bLa Vanguardia,
_c2007.
300 _a61 p. :
_c21 cm.
490 0 _aTextos bilingües
500 _aVersiones bilingües abreviadas y simplificadas.
830 0 _aTextos bilingües
910 _a000144
942 _2ddc
_cBK
945 _aInventariado extranjero / 2017 YL
956 _aYLOCKWARD
_b10
_c20171122
_d00144
999 _c13008
_d13008